| 000 | 00720nam a2200241 a 4500 | ||
|---|---|---|---|
| 001 | 57580 | ||
| 003 | BD-RjUL | ||
| 005 | 20211209080530.0 | ||
| 008 | 161210s1975 cau b 001 0 eng | ||
| 020 | _a0520028422 | ||
| 035 | _a(BD-RjUL)57704 | ||
| 040 |
_aDLC _cDLC _dBD-RjUL _beng |
||
| 041 | _aeng | ||
| 082 | 0 | 0 |
_a338.0952 _223 _bONP 1975 |
| 100 | 1 |
_aAllinson, Gary D. _9170971 |
|
| 245 | 1 | 0 |
_aJapanese urbanism : _bindustry and politics in Kariya, 1872-1972 / _cGary D. Allinson. |
| 260 |
_aBerkeley : _bUniversity of California Press, _cc1975. |
||
| 300 |
_axiv, 276 p. ; _c25 cm. |
||
| 500 | _aIncludes index. | ||
| 504 | _aBibliography: p. 263-271. | ||
| 650 | 0 |
_aIndustries _zJapan _9170972 |
|
| 942 |
_2ddc _cBK |
||
| 999 |
_c57580 _d57580 |
||